| 000 | 01006cab a22002175a 4500 | ||
|---|---|---|---|
| 001 | L145475 | ||
| 008 | 081014e20081010xxkdo f 000 0 eng d | ||
| 035 | _a(Sirsi) u145475 | ||
| 041 | 0 | _aeng | |
| 100 | 1 | _aRees, David | |
| 245 | 0 | 0 |
_aSustainability _boffice refurbishment |
| 260 | _c2008 | ||
| 490 | 0 |
_aBuilding _v273 (8550) 10 October 2008, 86-89 (4) |
|
| 520 | _aReviews latest low-carbon design features to improve energy efficiency of office buildings. Considers a real case. Examines what changes would have the greater impact in improving the sustainability of an office building. Concludes that a planned approach with modelling of the energy performance certificate potential is the best solution. Provides guidance, cost and benefits. | ||
| 590 | _aKA | ||
| 650 | 2 | 4 | _aENERGY PERFORMANCE CERTIFICATES |
| 651 | 4 |
_aUnited Kingdom _y |
|
| 690 | _aBUILT ENVIRONMENT-SUSTAINABLE CONSTRUCTION | ||
| 690 | _aENVIRONMENTAL AND LAND CONSULTANCY-ENERGY-ENERGY USE-ENERGY EFFICIENCY | ||
| 942 | _n0 | ||
| 999 |
_c80825 _d80825 |
||